El juego de Ripper (Registro nro. 8486)
[ vista simple ]
| 000 -Cabecera | |
|---|---|
| Campo de control de longitud fija | 00638nam a22002657a 4500 |
| 005 - Fecha y hora de la última transacción | |
| Campo de control | 20250611112006.0 |
| 008 - Elementos de longitud fija--Información general | |
| Campo de control de longitud fija | 161005b xxu||||| |||| 00| 0 spa d |
| 020 ## - International Standard Book Number | |
| Número Internacional Estándar del Libro (ISBN) | 9786073120272 |
| 041 ## - Idioma | |
| Código de idioma | Español |
| 082 ## - Clasificación Decimal Dewey | |
| Número de clasificación | Ch 863.42 A432j |
| 100 ## - Entrada principal--Autor personal | |
| Nombre personal | Allende, Isabel |
| 9 (RLIN) | 22153 |
| 245 ## - Título propiamente dicho | |
| Título | El juego de Ripper |
| 260 ## - Pie de imprenta | |
| Lugar de publicación, distribución, etc. | México |
| 260 ## - Pie de imprenta | |
| Nombre del editor, distribuidor, etc. | Plaza Janés |
| 260 ## - Pie de imprenta | |
| Fecha de publicación, distribución, etc. | 2014 |
| 300 ## - Descripción física | |
| Extensión | 478 páginas |
| 490 ## - Serie | |
| Título de la Serie | Temática General |
| 650 ## - Materia general | |
| Temática (materia general) | LITERATURA CHILENA |
| 650 ## - Materia general | |
| Temática (materia general) | NOVELA CHILENA |
| 650 ## - Materia general | |
| Temática (materia general) | LITERATURA LATINOAMERICANA |
| 650 ## - Materia general | |
| Temática (materia general) | CRÍMENES |
| 650 ## - Materia general | |
| Temática (materia general) | MISTERIO |
| 650 ## - Materia general | |
| Temática (materia general) | SUSPENSO |
| 942 ## - Punto de acceso adicional KOHA | |
| Tipo de ítem KOHA | Literatura |
| Fuente del sistema de clasificación o colocación | Dewey Decimal Classification |
| Signatura completa | Código de barras | Programa Académico | Tipo de ítem |
|---|---|---|---|
| Ch 863.42 A432j | 21532 | Temática General | Literatura |